Helping young children to play

Αποθηκεύτηκε σε:
Λεπτομέρειες βιβλιογραφικής εγγραφής
Κύριος συγγραφέας: Bruce, Tina
Μορφή: Βιβλίο
Γλώσσα:English
Δημοσίευση: London : Hodder & Stoughton, 1996
Θέματα:
Ετικέτες: Προσθήκη ετικέτας
Δεν υπάρχουν, Καταχωρήστε ετικέτα πρώτοι!

MARC

LEADER 00000nam a2200000 i 4500
001 1/102837
008 000229s1996 eng d
020 |a 0-340-65519-4 
035 |l 10058239 
040 |a GR-MY-UA  |b gre  |e aacr 
041 0 |a eng 
082 0 |a 649.5 
100 1 |a Bruce, Tina. 
245 1 0 |a Helping young children to play /  |c Tina Bruce 
260 |a London :   |b Hodder & Stoughton,   |c 1996 
300 |a 92 p. 
650 0 0 |a Play. 
650 0 0 |a Play assessment (Child psychology) 
852 |a INST  |b RHODES  |e 20000229  |h 649.5 BRU  |p 005400012395  |q 005400012395  |t BK  |y 0 
901 |a BIBL4-2000-1 
909 |a Ρ  |b 069020 
922 |a 4ΕΛΗ  |b 199909  |c ΚΠΣ/154  |d GLORY BOOKS 
970 |a ΚΟΥΛΑΚΙΟΤΗ  |b ΛΙΤΣΑ  |z 2000/02/29